| 000 | 00000nam 2200000zi 4500 |
| 001 | 9.947488 |
| 003 | CaOODSP |
| 005 | 20250130101405 |
| 006 | m o d f |
| 007 | cr bn||||||||| |
| 008 | 250129e197205##oncado ob f000 0 eng d |
| 040 | |aCaOODSP|beng|erda|cCaOODSP |
| 043 | |an-cn--- |
| 086 | 1 |aDR52-19/2-1972E-PDF |
| 100 | 1 |aBrown, I. D., |eauthor. |
| 245 | 10|aHuman factors evaluation of the Argus (CP-107) aircraft (U) / |cI.D. Brown, S.E. Forshaw, R.D. Patterson, Major J.R. Hodgkinson. |
| 264 | 1|aDownsview, Ontario : |bDefence and Civil Institute of Environmental Medicine, Behavioural Sciences Division : |bDefence Research Board - Department of National Defence - Canada, |cMay 1972. |
| 300 | |a1 online resource (vii, 77 pages) : |billustrations, graphs, photographs. |
| 336 | |atext|btxt|2rdacontent |
| 337 | |acomputer|bc|2rdamedia |
| 338 | |aonline resource|bcr|2rdacarrier |
| 490 | 1 |aDCIEM report ; |vno. 850 |
| 500 | |aCover title. |
| 500 | |aDigitized edition from print [produced by Defence R&D Canada]. |
| 504 | |aIncludes bibliographical references (pages 55-56(b)). |
| 520 | 3 |a"A human factors evaluation of the Argus (CP-107) aircraft was carried out during three Northern Patrols totalling 49.3 hours. About 180 adverse comments on the human engineering of flight and tactical crewstations are listed in detail. Measured noise levels at the Radio Operator's ear are shown to be potentially hazardous to hearing. Calculations how that active sonar returns of up to at least 70 dB SPL will be masked by the aircraft noise, similarly, auditory processing of transient passive sonar information will be impaired. General habitability is seen to be grossly inadequate for the aircraft's present role. Suggestions are advanced for short- and long-term measures which might be adopted to improve comfort and operational efficiency"--Abstract, page iii. |
| 650 | 0|aAirplanes|xNoise. |
| 650 | 0|aAircraft cabins|xHuman factors|zCanada. |
| 650 | 0|aSonar|xMilitary applications|zCanada. |
| 650 | 6|aAvions|xBruit. |
| 650 | 6|aAvions|xCabines|xFacteurs humains|zCanada. |
| 650 | 6|aSonar|xApplications militaires|zCanada. |
| 710 | 2 |aDefence and Civil Institute of Environmental Medicine (Canada). |bBehavioral Sciences Division, |eissuing body. |
| 710 | 1 |aCanada. |bDefence Research Board, |eissuing body. |
| 830 | #0|aDCIEM report ;|vno. 850.|w(CaOODSP)9.941842 |
| 856 | 40|qPDF|s8.41 MB|uhttps://publications.gc.ca/collections/collection_2025/rddc-drdc/DR52-19-2-1972-eng.pdf |